00448nam a2200121 a 450000100100000000500170001000800410002704000250006808200140009324501360010726000570024330000260030000002965920200930055717.0110419s19uu dr a r 000 0 spa d aDO-SdBNPbspacBNPHU axxxbB84600aBreve historia de una corporación que nació pequeña, allá por el año 1954 y que ha crecido ligada al progreso dominicano. aSanto Domingo :bEmpresas Álvarez Rivas,c[19--?]. a8 p. :bil. ;c29 cm.